Rozvoj medzinárodného platobného styku v podmienkach Európskej únie diplomová práca

Guardado en:
Detalles Bibliográficos
Autor principal: Kralovičová, Katarína
Autor Corporativo: Obchodná fakulta EU. Katedra medzinárodného obchodu
Otros Autores: Pavelka, Ľuboš, 1962-
Formato: Libro
Lenguaje:eslovaco
Publicado: Bratislava 2009
Etiquetas: Agregar Etiqueta
Sin Etiquetas, Sea el primero en etiquetar este registro!

MARC

LEADER 00000nam$a2200000$$$4500
001 0100799
005 20240318133839.1
041 0 |a slo 
044 |a SK 
245 1 0 |a Rozvoj medzinárodného platobného styku v podmienkach Európskej únie  |b diplomová práca  |c Katarína Kralovičová ; škol. Ľuboš Pavelka 
264 1 |a Bratislava  |c 2009 
300 |a 84 s. 
100 1 |a Kralovičová, Katarína 
700 1 |a Pavelka, Ľuboš, 1962- 
710 2 |a Obchodná fakulta EU. Katedra medzinárodného obchodu